000 00609nam a2200229Ia 4500
003 OSt
005 20220928141830.0
006 a|||||r|||| 00| 0
007 ta
008 220927b |||||||| |||| 00| 0 eng d
024 _a17964
037 _cTextual
040 _aSDCL
_cSDCL
_beng
041 _2eng
_aeng
082 _aP15,10A3:28x1,1, M2.1-.2
100 _aSkandasvamin Co.
_9502409
245 0 _aNirukta.
260 _c1982
700 _a Mahesvara Co.
_9502410
942 _hP15,10A3:28x1,1, M2.1-.2
_cTEXL
_2CC
999 _c820239
_d820239